Geography Quiz

Random Geography or World Quiz

Europe's country's capitals Quiz Stats

 Plays Quiz not verified by Sporcle

Challenge
Share
Tweet
Score 0/45 Timer 10:00
0 Plays Today
% Correct
London
95.3%
Madrid
95.3%
Paris
92.1%
Berlin
91.3%
Dublin
91.3%
Rome
89.8%
Lisbon
89%
Moscow
89%
Oslo
89%
Warsaw
86.6%
Athens
85%
Stockholm
85%
Helsinki
83.5%
Vatican City
83.5%
Copenhagen
81.1%
Prague
81.1%
Kiev
80.3%
Brussels
79.5%
Amsterdam
78.7%
Budapest
78%
Luxembourg
76.4%
Monaco
76.4%
Reykjavik
76.4%
% Correct
Bern
75.6%
Bucharest
73.2%
Vienna
73.2%
Riga
72.4%
Andorra la Vella
70.1%
Minsk
70.1%
San Marino
68.5%
Sofia
66.1%
Zagreb
65.4%
Nicosia
64.6%
Tallinn
64.6%
Sarajevo
63.8%
Bratislava
62.2%
Vaduz
58.3%
Valletta
58.3%
Vilnius
58.3%
Belgrade
56.7%
Skopje
55.1%
Chisinau
54.3%
Ljubljana
53.5%
Podgorica
52.8%
Tirana
50.4%

You're not logged in!

Compare scores with friends on all Sporcle quizzes.
Join for Free
OR
Log In

You Might Also Like...

Show Comments

Extras

Top Quizzes Today


Score Distribution

Your Account Isn't Verified!

In order to create a playlist on Sporcle, you need to verify the email address you used during registration. Go to your Sporcle Settings to finish the process.

Report this User

Report this user for behavior that violates our Community Guidelines.

Details: